Statistics for Countries Ending In -E

Click here to take the quiz!

General Stats

  • This quiz has been taken 44 times
  • The average score is 8 of 12

Answer Stats

Countries% Correct
Belize
83%
France
78%
Greece
78%
Suriname
69%
Chile
67%
Zimbabwe
67%
Cape Verde
58%
Mozambique
58%
Ukraine
58%
Singapore
53%
Sao Tome and Principe
50%
Sierra Leone
44%

Score Distribution

Percentile by Number Answered

Percent of People with Each Score

Your Score History

You have not taken this quiz